Statistics for Countries that Visit Ireland the Most

Click here to take the quiz!

General Stats

  • This quiz has been taken 696 times
  • The average score is 11 of 12

Answer Stats

VisitsCountry% Correct
4,990,000United Kingdom
99%
1,294,000United States
99%
494,000France
97%
624,000Germany
96%
370,000Spain
96%
326,000Italy
92%
183,000Canada
91%
222,000Netherlands
85%
127,000Belgium
82%
176,000Poland
81%
107,000Switzerland
70%
206,000Australia &
New Zealand
68%

Score Distribution

Percentile by Number Answered

Percent of People with Each Score

Your Score History

You have not taken this quiz